000 00291 a2200145 4500
001 174068
020 _a
040 _cMagnum
100 _aHoffmann, Jussara
240 1 0 _aAvaliacao mediadora
_lpor
245 1 0 _aAvaliacao mediadora
362 0 _a1899
697 _aENSINO
942 _cBK
999 _c174068
_d174068